000 01011cam a2200217 4500
001 WB3915-11
008 030415n2003 000 0 eng u
035 _a(Sirsi) u121994
245 _aMore new homes to be manufactured off-site
260 _c2003
490 _aODPM News Release
_v(2003/0069) 8 April 2003 (2)
520 _aThe government has announced that from 2004/5 25% of new homes funded by the Housing Corporation should be of off-site manufacture. Off-site manufacture cuts the build time, offers better design and quality as well as a much better safety record. It is one of the Communities Plan measures aimed at redressing the shortage of affordable housing. http://www.odpm.gov.uk/pns/DisplayPN.cgi?pn_id=2003_0069
590 _aWB
650 _aSUSTAINABLE COMMUNITIES: BUILDING FOR THE FUTURE
650 _aAffordable housing
_96215
650 _aOFF-SITE CONSTRUCTION
650 _aPREFABRICATION
650 _aPREFABRICATED HOUSING
690 _aHOUSING-DEVELOPMENT
942 _n0
999 _c72498
_d72498